Normal view
MARC view
- البحث - طرق البحث - الطرق الاحصائية
Entry Topical Term
001 - CONTROL NUMBER
- control field: 46507
003 - CONTROL NUMBER IDENTIFIER
- control field: JO-AjAnu
005 - DATE AND TIME OF LATEST TRANSACTION
- control field: 20230606081703.0
008 - FIXED-LENGTH DATA ELEMENTS
- fixed length control field: 230606|| aca||aabn | a|a d
040 ## - CATALOGING SOURCE
- Original cataloging agency: JO-AjAnu
- Transcribing agency: JO-AjAnu
150 ## - HEADING--TOPICAL TERM
- Topical term or geographic name entry element: البحث - طرق البحث - الطرق الاحصائية
670 ## - SOURCE DATA FOUND
- Source citation: Work cat.: (JO-AjAnu)23805: البطش، محمد وليد ، م مشارك فريد كامل ابو زينة , author 46506, مناهج البحث العلمي تصميم البحث والتحليل الإحصائي